[Event "M.Chigorin Memorial 2014"]
[Site "St. Petersburg"]
[Date "2014.10.21"]
[Round "4.54"]
[White "Pasiev, Rakhim"]
[Black "Bivol, Alina"]
[Result "1-0"]
[WhiteElo "2393"]
[BlackElo "2208"]
[PlyCount "135"]
[EventDate "2014.10.18"]

1. a3 d5 2. b4 e5 3. Bb2 Nd7 4. e3 Ngf6 5. c4 c6 6. Qb3 a5 7. cxd5 cxd5 8. Nc3
axb4 9. axb4 Rxa1+ 10. Bxa1 d4 11. Bc4 Qe7 12. Nb5 dxe3 13. fxe3 Qxb4 14. Bxf7+
Kd8 15. Nf3 Ne4 16. O-O Qxb3 17. Bxb3 Bb4 18. Rd1 Re8 19. Bc2 Nef6 20. Rb1 Ba5
21. Nd6 Re6 22. Nf7+ Ke8 23. Bb3 Rb6 24. N7xe5 Nxe5 25. Nxe5 Bf5 26. Ba4+ Ke7
27. Rxb6 Bxb6 28. Nc4 Bc7 29. Bd4 Bd3 30. Nb2 b5 31. Bb3 Bf5 32. d3 Be6 33. Bd1
g6 34. h3 Nd5 35. Kf2 Ba5 36. Bb3 Nc7 37. Bxe6 Nxe6 38. Bh8 Kd6 39. Ke2 Nc5 40.
Kd1 Nb3 41. Kc2 Na1+ 42. Kb1 Nb3 43. Nd1 Nc5 44. Kc2 Be1 45. Bc3 Bxc3 46. Nxc3
b4 47. Nb5+ Kc6 48. Nd4+ Kd5 49. Nb3 Na4 50. Nd2 Nc5 51. Nc4 Nd7 52. Nd2 Nc5
53. d4 Na4 54. Kb3 Nc3 55. Kxb4 Nd1 56. Nf1 g5 57. Kb3 h5 58. Kc2 Nf2 59. Kd2
g4 60. h4 Ne4+ 61. Kd3 Nf2+ 62. Ke2 Ne4 63. Nd2 Ng3+ 64. Kd3 Ke6 65. e4 Nh1 66.
Ke3 Ng3 67. Nc4 Kf6 68. d5 1-0

[Event "M.Chigorin Memorial 2014"]
[Site "St. Petersburg"]
[Date "2014.10.21"]
[Round "4.55"]
[White "Ponfilenok, Vladimir"]
[Black "Minasyan, Arnold"]
[Result "1-0"]
[WhiteElo "2389"]
[BlackElo "2204"]
[PlyCount "91"]
[EventDate "2014.10.18"]

1. d4 d5 2. Nf3 Nf6 3. c4 dxc4 4. e3 Bg4 5. Bxc4 e6 6. O-O a6 7. h3 Bh5 8. a3
Nc6 9. b4 Bd6 10. Bb2 O-O 11. Nbd2 Qe7 12. Rc1 e5 13. Be2 e4 14. Ne5 Nxe5 15.
dxe5 Bxe5 16. Bxe5 Qxe5 17. Bxh5 Nxh5 18. Rc5 Qd6 19. Nxe4 Qxd1 20. Rxd1 f5 21.
Ng5 c6 22. g4 fxg4 23. Nxh7 Kxh7 24. Rxh5+ Kg6 25. hxg4 Rad8 26. Rxd8 Rxd8 27.
Ra5 Rd1+ 28. Kg2 Kf6 29. f4 g6 30. Kf3 Rd3 31. Ke4 Rd8 32. Re5 Rd1 33. Re8 Rd5
34. Rf8+ Ke7 35. Rh8 Rb5 36. Rh7+ Kf8 37. f5 gxf5+ 38. gxf5 a5 39. bxa5 Rxa5
40. Rxb7 Rxa3 41. Rc7 Rc3 42. Kd4 Rc1 43. e4 Ke8 44. f6 Kd8 45. f7 c5+ 46. Kd5
1-0

[Event "M.Chigorin Memorial 2014"]
[Site "St. Petersburg"]
[Date "2014.10.21"]
[Round "4.56"]
[White "Pashinsky, Mikhail"]
[Black "Iljin, Timofey"]
[Result "1-0"]
[WhiteElo "2190"]
[BlackElo "2388"]
[PlyCount "131"]
[EventDate "2014.10.18"]

1. e4 c5 2. Nc3 Nc6 3. Bb5 Nd4 4. Nf3 Nxb5 5. Nxb5 d6 6. d4 Nf6 7. Nc3 cxd4 8.
Qxd4 e5 9. Qd3 h6 10. b3 Be7 11. Bb2 a6 12. O-O-O Be6 13. Kb1 b5 14. Nd2 Rc8
15. f3 Qc7 16. a3 O-O 17. Nf1 d5 18. exd5 Bxd5 19. Ne3 Be6 20. Ne4 Nd7 21. g4
Nc5 22. Nxc5 Bxc5 23. Nd5 Bxd5 24. Qxd5 Bd4 25. Qe4 Bxb2 26. Kxb2 Qc3+ 27. Kb1
Rc5 28. Rhe1 Rfc8 29. Re2 R5c6 30. h4 Qc5 31. Kb2 Qe7 32. h5 Qf6 33. Rd5 Rc3
34. Rf2 R3c5 35. Rfd2 Rxd5 36. Rxd5 Re8 37. Rc5 Qe7 38. b4 Kh8 39. Rc6 Qa7 40.
Rd6 a5 41. Qc6 Qb8 42. bxa5 b4 43. a4 Rc8 44. Qb6 Qa8 45. a6 Qxf3 46. Rd8+ Rxd8
47. Qxd8+ Kh7 48. a7 Qc3+ 49. Kb1 Qe1+ 50. Ka2 b3+ 51. Kxb3 Qb1+ 52. Kc3 Qe1+
53. Qd2 Qa1+ 54. Kb3 Qb1+ 55. Kc4 Qb7 56. Qa5 Qc6+ 57. Kb3 Qb7+ 58. Ka2 Qa8 59.
Ka3 Qf3+ 60. c3 Qa8 61. Qb6 Qh1 62. Kb4 Qe4+ 63. c4 Qg2 64. Kb5 Qb2+ 65. Ka6
Qa2 66. Qc6 1-0

[Event "M.Chigorin Memorial 2014"]
[Site "St. Petersburg"]
[Date "2014.10.21"]
[Round "4.57"]
[White "Svetlov, Dmitry"]
[Black "Gogin, Maksim"]
[Result "1-0"]
[WhiteElo "2387"]
[BlackElo "2201"]
[PlyCount "101"]
[EventDate "2014.10.18"]

1. d4 Nf6 2. Nf3 g6 3. c4 Bg7 4. g3 O-O 5. Bg2 d6 6. O-O Nc6 7. Nc3 a6 8. h3
Bd7 9. e4 Qc8 10. Kh2 e5 11. Be3 exd4 12. Nxd4 Re8 13. f3 b5 14. cxb5 Nxd4 15.
Bxd4 axb5 16. a3 Ra6 17. Nd5 Nxd5 18. exd5 Bxd4 19. Qxd4 c5 20. dxc6 Rxc6 21.
Rf2 Rc2 22. Bf1 Rxf2+ 23. Qxf2 Qc5 24. Qd2 Rc8 25. Re1 Be6 26. Re3 Qc2 27. Re2
Qb1 28. Bg2 d5 29. f4 Rc1 30. g4 Rd1 31. Qc3 Qd3 32. Qe5 Qd4 33. f5 Qg1+ 34.
Kg3 Rd3+ 35. Kh4 Qc1 36. Qb8+ Kg7 37. g5 Rd4+ 38. Be4 Bxf5 39. Qe5+ Kf8 40.
Qd6+ Ke8 41. Qb8+ Qc8 42. Qe5+ Qe6 43. Qh8+ Kd7 44. Qxd4 Bxe4 45. Rf2 h6 46.
Rf6 hxg5+ 47. Kxg5 Qxh3 48. Qa7+ Kc8 49. Rc6+ Kd8 50. Rd6+ Kc8 51. Qa8+ 1-0

[Event "M.Chigorin Memorial 2014"]
[Site "St. Petersburg"]
[Date "2014.10.21"]
[Round "4.58"]
[White "Baraeva, Irina"]
[Black "Nanjo, Ryosuke"]
[Result "1-0"]
[WhiteElo "2197"]
[BlackElo "2384"]
[PlyCount "81"]
[EventDate "2014.10.18"]

1. d4 e6 2. c4 f5 3. Nf3 Nf6 4. g3 Be7 5. Bg2 O-O 6. O-O d6 7. Nc3 a5 8. Qc2
Nc6 9. Rd1 Qe8 10. a3 e5 11. dxe5 dxe5 12. Nb5 Bd8 13. b3 Qh5 14. Qb2 e4 15.
Nfd4 Ne5 16. Bf4 Ng6 17. Bxc7 Bxc7 18. Nxc7 Rb8 19. Nce6 Bxe6 20. Nxe6 Rfe8 21.
Rd6 Re7 22. Nxg7 Rxg7 23. Qxf6 Rf8 24. Rd8 Rgf7 25. Rxf8+ Nxf8 26. Qb2 Qg6 27.
Rd1 h5 28. Qe5 Qb6 29. Qb5 Qxb5 30. cxb5 h4 31. f3 hxg3 32. hxg3 Rg7 33. fxe4
fxe4 34. Bxe4 Rxg3+ 35. Kf2 Rg7 36. Rg1 Rxg1 37. Kxg1 b6 38. Bf5 Kf7 39. Kf2
Ke7 40. Ke3 Kd6 41. Kd4 1-0

[Event "M.Chigorin Memorial 2014"]
[Site "St. Petersburg"]
[Date "2014.10.21"]
[Round "4.59"]
[White "Gevorgyan, David"]
[Black "Sukhareva, Evgeniya"]
[Result "1-0"]
[WhiteElo "2382"]
[BlackElo "2196"]
[PlyCount "43"]
[EventDate "2014.10.18"]

1. e4 g6 2. d4 Bg7 3. Nc3 d6 4. f4 e6 5. Nf3 Ne7 6. Be3 Nd7 7. Qd2 a6 8. a4 O-O
9. h4 c5 10. h5 cxd4 11. Bxd4 e5 12. Be3 Re8 13. hxg6 hxg6 14. O-O-O Qc7 15. f5
Nf6 16. Bh6 Bh8 17. Bg5 Bg7 18. Qxd6 Qxd6 19. Rxd6 Nh7 20. f6 Nxg5 21. Nxg5 Bf8
22. Bc4 1-0

[Event "M.Chigorin Memorial 2014"]
[Site "St. Petersburg"]
[Date "2014.10.21"]
[Round "4.60"]
[White "Tologontegin, Semetey"]
[Black "Tarasov, Alexandr"]
[Result "1-0"]
[WhiteElo "2379"]
[BlackElo "2191"]
[PlyCount "107"]
[EventDate "2014.10.18"]

1. e4 e6 2. Qe2 c5 3. Nf3 Nc6 4. g3 g6 5. Bg2 Bg7 6. O-O d6 7. c3 Nge7 8. Rd1
e5 9. Na3 O-O 10. Nc2 f5 11. d3 a5 12. a4 h6 13. h3 Be6 14. exf5 gxf5 15. d4
cxd4 16. Nfxd4 Bf7 17. Nb5 d5 18. Ne3 f4 19. gxf4 exf4 20. Nc4 Nf5 21. Bxf4 Qh4
22. Qg4 Bh5 23. Bxd5+ Kh8 24. Qxh4 Nxh4 25. Bd6 Rf5 26. Be6 Rg5+ 27. Bg3 Bxd1
28. Rxd1 Nf3+ 29. Kg2 Nce5 30. Nxe5 Nxe5 31. f4 Rg6 32. f5 Rg5 33. Nd6 Rd8 34.
h4 Rg4 35. Rd5 Bf8 36. Nxb7 Rxd5 37. Bxd5 Nd3 38. Bb3 Nxb2 39. Kf3 Rxa4 40.
Bxa4 Nxa4 41. Nxa5 Kg7 42. Be5+ Kf7 43. c4 Bb4 44. Nc6 Be1 45. h5 Nb6 46. c5
Nd7 47. Bd4 Nf6 48. Nd8+ Ke7 49. Bxf6+ Kxf6 50. Ke4 Ba5 51. Ne6 Ke7 52. c6 Kd6
53. c7 Kd7 54. f6 1-0

[Event "M.Chigorin Memorial 2014"]
[Site "St. Petersburg"]
[Date "2014.10.21"]
[Round "4.61"]
[White "Savinov, Leonid"]
[Black "Karasev, Vladimir I"]
[Result "1-0"]
[WhiteElo "2184"]
[BlackElo "2377"]
[PlyCount "65"]
[EventDate "2014.10.18"]

1. d4 Nf6 2. c4 e6 3. Nf3 Bb4+ 4. Bd2 a5 5. Nc3 O-O 6. Qc2 d5 7. e3 Nc6 8. a3
Bxc3 9. Bxc3 Ne4 10. Bd3 Nxc3 11. bxc3 h6 12. cxd5 exd5 13. O-O Bg4 14. Nd2 Qd6
15. e4 dxe4 16. Nxe4 Qd5 17. Rab1 b6 18. Rb5 Qd8 19. h3 Bc8 20. Rh5 g6 21. Qd2
gxh5 22. Qxh6 Bf5 23. Nf6+ Qxf6 24. Qxf6 Bxd3 25. Rd1 Bc2 26. Rd2 Nxd4 27. Rxd4
Rae8 28. Qg5+ Bg6 29. f4 Re1+ 30. Kh2 Rf1 31. Rd5 Re8 32. f5 c6 33. Rd8 1-0

[Event "M.Chigorin Memorial 2014"]
[Site "St. Petersburg"]
[Date "2014.10.21"]
[Round "4.62"]
[White "Triapishko, Olexandr"]
[Black "Zhikharev, Valeriy"]
[Result "1-0"]
[WhiteElo "2369"]
[BlackElo "2188"]
[PlyCount "115"]
[EventDate "2014.10.18"]

1. e4 e6 2. d4 d5 3. Nd2 c5 4. Ngf3 cxd4 5. exd5 Qxd5 6. Bc4 Qd6 7. O-O Nc6 8.
Nb3 a6 9. Nbxd4 Nxd4 10. Nxd4 Nf6 11. Re1 Qc7 12. Bb3 Bd6 13. h3 Bd7 14. c3
O-O-O 15. Qf3 Kb8 16. Bg5 e5 17. Bxf6 gxf6 18. Nf5 Bc5 19. Rad1 Be6 20. Bd5
Rxd5 21. Rxd5 Bxd5 22. Qxd5 Rd8 23. Qf3 Rd2 24. Re2 Rd1+ 25. Kh2 Qd8 26. Ng3
Be7 27. Ne4 Qb6 28. b3 Qe6 29. g4 Qd5 30. Re3 Ra1 31. Rd3 Qe6 32. Rd2 Re1 33.
Kg2 Qc6 34. Re2 Rd1 35. c4 Rc1 36. Rd2 Re1 37. Re2 Rc1 38. Qd3 h5 39. Qf3 hxg4
40. hxg4 Qc8 41. Rd2 Qc6 42. Rd5 Rc2 43. a4 Rb2 44. Qc3 Ra2 45. Qd3 Qe6 46. Qf3
Rb2 47. Rd3 Qb6 48. g5 fxg5 49. Qxf7 Qc6 50. Qd5 Qc7 51. Qe6 Ba3 52. Rd7 Qc8
53. Qxe5+ Ka8 54. Qd5 Qc6 55. Rd8+ Ka7 56. Qd4+ b6 57. Rd7+ Kb8 58. Qe5+ 1-0

[Event "M.Chigorin Memorial 2014"]
[Site "St. Petersburg"]
[Date "2014.10.21"]
[Round "4.63"]
[White "Abdusattorov, Nodirbek"]
[Black "Nakhbayeva, Guliskhan"]
[Result "0-1"]
[WhiteElo "2179"]
[BlackElo "2365"]
[PlyCount "64"]
[EventDate "2014.10.18"]

1. e4 c5 2. Nf3 e6 3. g3 Nc6 4. d3 d5 5. Qe2 Be7 6. Bg2 Nf6 7. O-O O-O 8. e5
Nd7 9. c4 Re8 10. h4 Bf8 11. Bf4 h6 12. Nc3 Ndb8 13. h5 Nd4 14. Qd1 Nbc6 15.
Nxd4 cxd4 16. Nb5 dxc4 17. dxc4 a6 18. Bxc6 bxc6 19. Nxd4 Qb6 20. Nb3 Bb7 21.
Qe2 c5 22. Nd2 Rad8 23. b3 Be7 24. f3 f5 25. Rad1 Bg5 26. Bxg5 hxg5 27. Qe3 g4
28. Qg5 Qc7 29. h6 Qxe5 30. Kh2 gxf3 31. Rde1 Qf6 32. Qe3 f4 0-1

[Event "M.Chigorin Memorial 2014"]
[Site "St. Petersburg"]
[Date "2014.10.21"]
[Round "4.64"]
[White "Guseva, Marina"]
[Black "Denishev, Marat"]
[Result "1-0"]
[WhiteElo "2364"]
[BlackElo "2183"]
[PlyCount "73"]
[EventDate "2014.10.18"]

1. d4 Nf6 2. c4 e6 3. Nc3 Bb4 4. Qc2 c5 5. dxc5 O-O 6. a3 Qa5 7. Bd2 Nc6 8. Nf3
Bxc3 9. Bxc3 Qxc5 10. e3 e5 11. b4 Qe7 12. b5 e4 13. Nd2 Nd8 14. Be2 b6 15.
Bxf6 Qxf6 16. O-O Re8 17. Nxe4 Qe7 18. Nc3 Bb7 19. Rfd1 Rc8 20. Qd2 Qg5 21. g3
Ne6 22. Qxd7 Nc5 23. Qg4 Qe5 24. Rac1 Re6 25. Nd5 Rf8 26. Rc2 Rh6 27. Bf3 Bc8
28. Qd4 Qg5 29. h4 Qd8 30. Nf4 Qe7 31. Nd5 Qd8 32. Qe5 Re6 33. Qc7 Qe8 34. Rcd2
f5 35. Bg2 Rf7 36. Qf4 Ne4 37. Nf6+ 1-0

[Event "M.Chigorin Memorial 2014"]
[Site "St. Petersburg"]
[Date "2014.10.21"]
[Round "4.65"]
[White "Altshul, Raffael"]
[Black "Akkozov, Berik"]
[Result "0-1"]
[WhiteElo "2174"]
[BlackElo "2361"]
[PlyCount "100"]
[EventDate "2014.10.18"]

1. d4 d5 2. c4 e6 3. Nc3 c6 4. cxd5 exd5 5. Bf4 Bf5 6. e3 Nf6 7. Bd3 Bxd3 8.
Qxd3 Nh5 9. Bg3 Nd7 10. Nf3 Be7 11. Ne5 g6 12. Nxd7 Nxg3 13. hxg3 Qxd7 14.
O-O-O f5 15. Kb1 Bf6 16. Ne2 Rg8 17. Qc2 O-O-O 18. Nf4 Rg7 19. Nd3 Qd6 20. Qc5
Qxc5 21. Nxc5 Re8 22. Nd3 Kc7 23. Kc2 Kd6 24. Kd2 a5 25. Rc1 b6 26. Rhd1 Rc7
27. Rc2 c5 28. dxc5+ bxc5 29. Kc1 g5 30. Rh1 Bg7 31. Rh5 h6 32. Ne1 a4 33. a3
Rb8 34. Nd3 Rb3 35. Rd2 c4 36. Nb4 c3 37. bxc3 Rbxc3+ 38. Kd1 Rxa3 39. Rxd5+
Ke6 40. Rd2 Rb3 41. Nc2 Rb1+ 42. Ke2 a3 43. Nd4+ Kf6 44. f4 Rcc1 45. fxg5+ hxg5
46. g4 Rb2 47. gxf5 Rg1 48. Rh2 Rxd2+ 49. Kxd2 a2 50. Nc2 Kxf5 0-1

[Event "M.Chigorin Memorial 2014"]
[Site "St. Petersburg"]
[Date "2014.10.21"]
[Round "4.66"]
[White "Zubritskiy, Artyom"]
[Black "Kobzar, Alexandr"]
[Result "1-0"]
[WhiteElo "2360"]
[BlackElo "2176"]
[PlyCount "43"]
[EventDate "2014.10.18"]

1. d4 Nf6 2. c4 g6 3. g3 Bg7 4. Bg2 O-O 5. Nf3 c5 6. O-O d6 7. Nc3 Nc6 8. d5
Na5 9. Nd2 a6 10. Qc2 Rb8 11. b3 b5 12. Bb2 e5 13. dxe6 fxe6 14. cxb5 axb5 15.
Rfd1 d5 16. Nde4 Nd7 17. Nd6 b4 18. Na4 Bxb2 19. Qxb2 Qe7 20. Rxd5 Nf6 21. Rd2
Nd5 22. Nxc8 1-0

[Event "M.Chigorin Memorial 2014"]
[Site "St. Petersburg"]
[Date "2014.10.21"]
[Round "4.67"]
[White "Kostyuchenko, Vladimir"]
[Black "Mikhailov, Viacheslav"]
[Result "1/2-1/2"]
[WhiteElo "2169"]
[BlackElo "2357"]
[PlyCount "105"]
[EventDate "2014.10.18"]

1. d4 Nf6 2. c4 e6 3. Nc3 Bb4 4. Qc2 c5 5. dxc5 O-O 6. Nf3 Na6 7. e3 Nxc5 8. a3
Bxc3+ 9. Qxc3 a5 10. b3 b6 11. Be2 Bb7 12. O-O d5 13. Bb2 Rc8 14. Rad1 Qe7 15.
Ba1 dxc4 16. Bxc4 Rfd8 17. Rxd8+ Rxd8 18. b4 Nce4 19. Qb2 Qc7 20. Be2 Rc8 21.
bxa5 bxa5 22. Rb1 Bd5 23. Nd4 h6 24. Ba6 Ra8 25. Rc1 Qd6 26. Be2 Rb8 27. Nb5
Qf8 28. Qd4 Rc8 29. Rxc8 Qxc8 30. Nc3 Nxc3 31. Bxc3 a4 32. f3 Bb3 33. Bb5 Qc7
34. Kf2 Kh8 35. Qe5 Qc8 36. g4 Ne8 37. Bxe8 f6 38. Qb5 Qxc3 39. Bg6 Qd2+ 40.
Kf1 Qc1+ 41. Kf2 Qd2+ 42. Kg3 Qd8 43. Qe8+ Qxe8 44. Bxe8 Kg8 45. Kf2 Kf8 46.
Bg6 Ke7 47. Ke2 Kd6 48. Kd2 e5 49. f4 exf4 50. exf4 Kc5 51. Kc3 Bd1 52. h3 Bf3
53. Kd3 1/2-1/2

[Event "M.Chigorin Memorial 2014"]
[Site "St. Petersburg"]
[Date "2014.10.21"]
[Round "4.68"]
[White "Akhmetov, Ayan"]
[Black "Tukubayev, K."]
[Result "1-0"]
[WhiteElo "2351"]
[BlackElo "2160"]
[PlyCount "101"]
[EventDate "2014.10.18"]

1. c4 e5 2. g3 Nf6 3. Bg2 d5 4. cxd5 Nxd5 5. Nc3 Nb6 6. Nf3 Nc6 7. O-O Be7 8.
d3 Be6 9. a3 O-O 10. b4 a5 11. b5 Nd4 12. Bb2 f6 13. Nxd4 exd4 14. Na4 Qd7 15.
Bxb7 Qxb5 16. Nxb6 Rab8 17. Bxd4 Rxb7 18. Rb1 Qh5 19. Na4 Rxb1 20. Qxb1 Qd5 21.
Ba1 Qc6 22. Nc3 Bh3 23. e4 Bxf1 24. Kxf1 Kh8 25. Qb3 Qd6 26. Kg2 Qxa3 27. Qe6
Qd6 28. Qc4 Qc5 29. Qe6 Qe5 30. Qa2 Bb4 31. Nd5 Qd6 32. h4 Re8 33. h5 c6 34.
Nf4 Rf8 35. f3 Qd7 36. d4 Qf7 37. Qc2 Bd6 38. e5 fxe5 39. dxe5 Be7 40. h6 Kg8
41. hxg7 Qxg7 42. Qc4+ Qf7 43. e6 Qf5 44. Qxc6 Qc5 45. Qe4 Rd8 46. Kh3 Rd1 47.
Be5 Qf2 48. Kg4 Rd8 49. Ng6 Qa7 50. Qf4 Bb4 51. Qf6 1-0

[Event "M.Chigorin Memorial 2014"]
[Site "St. Petersburg"]
[Date "2014.10.21"]
[Round "4.69"]
[White "Tokhirjonova, Gulrukhbegim"]
[Black "Kukhmazov, Arsen"]
[Result "0-1"]
[WhiteElo "2160"]
[BlackElo "2351"]
[PlyCount "66"]
[EventDate "2014.10.18"]

1. e4 c6 2. d4 d5 3. e5 Bf5 4. Nf3 e6 5. Be2 Nd7 6. O-O Bg6 7. Nbd2 Nh6 8. a4
Nf5 9. a5 Be7 10. c4 O-O 11. Re1 Rc8 12. c5 f6 13. exf6 Bxf6 14. Nb3 e5 15.
dxe5 Nxe5 16. Nfd4 Nxd4 17. Nxd4 Nd3 18. Ne6 Nxf2 19. Qb3 Qe7 20. Nxf8 Nd3 21.
Nd7 Bd4+ 22. Kh1 Nf2+ 23. Kg1 Ng4+ 24. Kh1 Qh4 25. Bf4 Nf2+ 26. Kg1 Qxf4 27.
Bf3 Bd3 28. Bxd5+ Kh8 29. g3 Ne4+ 30. Kg2 Qf2+ 31. Kh3 Ng5+ 32. Kh4 Qxh2+ 33.
Kg4 Qh3+ 0-1

[Event "M.Chigorin Memorial 2014"]
[Site "St. Petersburg"]
[Date "2014.10.21"]
[Round "4.70"]
[White "Lagashin, Pavel"]
[Black "Zhurikhin, Alexander"]
[Result "0-1"]
[WhiteElo "2138"]
[BlackElo "2347"]
[PlyCount "44"]
[EventDate "2014.10.18"]

1. Nf3 Nf6 2. c4 b6 3. g3 Bb7 4. Bg2 g6 5. O-O Bg7 6. d4 O-O 7. d5 Na6 8. Nc3
Nc5 9. Nd4 e5 10. dxe6 fxe6 11. Bxb7 Nxb7 12. e4 Ne8 13. Be3 Ned6 14. b3 Nc5
15. f3 a5 16. Qd2 a4 17. Bh6 Bxh6 18. Qxh6 axb3 19. axb3 Rxa1 20. Rxa1 e5 21.
b4 exd4 22. bxc5 Nf7 0-1

[Event "M.Chigorin Memorial 2014"]
[Site "St. Petersburg"]
[Date "2014.10.21"]
[Round "4.71"]
[White "Golubov, Saveliy"]
[Black "Mrykhin, Igor"]
[Result "1-0"]
[WhiteElo "2347"]
[BlackElo "2151"]
[PlyCount "93"]
[EventDate "2014.10.18"]

1. e4 d5 2. exd5 Qxd5 3. Nf3 c6 4. d4 Bf5 5. Be2 e6 6. O-O Nf6 7. c4 Qd8 8. Nc3
Be7 9. Be3 O-O 10. Nh4 Bg6 11. Nxg6 hxg6 12. Qd2 Bb4 13. Bf3 Nbd7 14. a3 Ba5
15. Rac1 e5 16. b4 exd4 17. Qxd4 Bc7 18. Rfd1 Ne5 19. Be2 Qxd4 20. Bxd4 Rfe8
21. h3 Bb6 22. c5 Bc7 23. f4 Ned7 24. g3 a6 25. Bf3 Nf8 26. a4 Nh5 27. Kg2 Ne6
28. Bf2 Rad8 29. b5 axb5 30. axb5 Rxd1 31. Rxd1 Ba5 32. Ne4 cxb5 33. Nd6 Rd8
34. f5 Nc7 35. Rb1 b6 36. Nb7 Rd2 37. Kg1 Nf6 38. cxb6 Rxf2 39. bxc7 Rc2 40.
Nxa5 Rxc7 41. fxg6 fxg6 42. Nc6 g5 43. g4 Rb7 44. Nd4 Rd7 45. Rb4 Nd5 46. Bxd5+
Rxd5 47. Kf2 1-0

[Event "M.Chigorin Memorial 2014"]
[Site "St. Petersburg"]
[Date "2014.10.21"]
[Round "4.72"]
[White "Shpartko, Grigory"]
[Black "Baghdasaryan, Vahe"]
[Result "0-1"]
[WhiteElo "2094"]
[BlackElo "2343"]
[PlyCount "68"]
[EventDate "2014.10.18"]

1. d4 Nf6 2. Nf3 g6 3. Nc3 Bg7 4. e4 d6 5. Bf4 c6 6. Qd2 b5 7. Bd3 Nbd7 8. O-O
O-O 9. Rae1 Nb6 10. e5 Nh5 11. Bh6 Bg4 12. Bxg7 Kxg7 13. Ng5 h6 14. Re4 Bf5 15.
g4 Bxe4 16. Ngxe4 f5 17. exf6+ Nxf6 18. g5 Ng8 19. gxh6+ Nxh6 20. Ng5 Qd7 21.
Re1 e5 22. dxe5 dxe5 23. Rxe5 Rae8 24. Qe1 Qg4+ 25. Kh1 Rxf2 26. Re7+ Rxe7 27.
Qxe7+ Nf7 28. Ne6+ Kh7 29. Nf8+ Kg8 30. Qe4 Qh3 31. Qxg6+ Kxf8 32. Qg3 Qxg3 33.
hxg3 Ne5 34. Be4 b4 0-1

[Event "M.Chigorin Memorial 2014"]
[Site "St. Petersburg"]
[Date "2014.10.21"]
[Round "4.73"]
[White "Zhuk, Valeriy"]
[Black "Duzhakov, Ilya"]
[Result "0-1"]
[WhiteElo "2076"]
[BlackElo "2341"]
[PlyCount "94"]
[EventDate "2014.10.18"]

1. e4 e6 2. d4 d5 3. Nc3 Bb4 4. a3 Bxc3+ 5. bxc3 Ne7 6. Bd3 c5 7. exd5 exd5 8.
dxc5 Nd7 9. Qg4 O-O 10. Qh4 Nf6 11. Ne2 Qc7 12. Bg5 Ng6 13. Qd4 Nd7 14. Be3 Rd8
15. h4 Ngf8 16. Nf4 Nf6 17. h5 h6 18. f3 N8d7 19. Kf2 Ne5 20. Ne2 Nfd7 21. g4
Nf8 22. Nf4 Nc6 23. Qa4 d4 24. cxd4 Rxd4 25. Bxd4 Qxf4 26. c3 Bxg4 27. Be2 Re8
28. Qc4 Be6 29. Qd3 Bf5 30. Qd1 Ne6 31. Be3 Qe5 32. Qd6 Qxc3 33. Rhg1 Qf6 34.
Rad1 Bh7 35. Rg2 Ne7 36. Qd7 Rf8 37. Qxb7 Nf5 38. Bc1 Nxc5 39. Qxa7 Qh4+ 40.
Kg1 Ne6 41. a4 Nfd4 42. Rf1 Bf5 43. Rh2 Bh3 44. Rxh3 Qxh3 45. Bd1 Rc8 46. Be3
Qg3+ 47. Kh1 Rc5 0-1

[Event "M.Chigorin Memorial 2014"]
[Site "St. Petersburg"]
[Date "2014.10.21"]
[Round "4.74"]
[White "Trapeznikova, Darya"]
[Black "Ovod, Evgenija"]
[Result "0-1"]
[WhiteElo "2036"]
[BlackElo "2325"]
[PlyCount "80"]
[EventDate "2014.10.18"]

1. Nf3 f5 2. d3 Nf6 3. e4 e5 4. exf5 Nc6 5. Qe2 d6 6. Nc3 Be7 7. Bg5 Bxf5 8.
O-O-O O-O 9. h3 Qd7 10. d4 exd4 11. Nxd4 Nxd4 12. Rxd4 c6 13. g4 Bg6 14. f4 d5
15. Bg2 Bc5 16. Rdd1 Rae8 17. Qf1 Be3+ 18. Kb1 Ne4 19. Bxe4 Bxe4 20. Nxe4 Rxe4
21. Qd3 Qe8 22. Qb3 b5 23. Rhg1 h6 24. Bh4 Bxf4 25. Rde1 Bd2 26. Rxe4 Qxe4 27.
Qd3 Qxd3 28. cxd3 Be3 29. Rh1 a5 30. a3 Rf3 31. Kc2 Kf7 32. b4 a4 33. Kc3 Ke6
34. Kc2 Ke5 35. Be1 Kf4 36. Kc3 g5 37. Kc2 d4 38. Kd1 Bf2 39. Bd2+ Kg3 40. Ke2
Rf6 0-1

[Event "M.Chigorin Memorial 2014"]
[Site "St. Petersburg"]
[Date "2014.10.21"]
[Round "4.75"]
[White "Timerkhanov, Alexander"]
[Black "Kozhabekov, Adilkhan"]
[Result "1-0"]
[WhiteElo "2324"]
[BlackElo "2107"]
[PlyCount "49"]
[EventDate "2014.10.18"]

1. d4 d5 2. Nf3 Nf6 3. c4 e6 4. Nc3 Be7 5. cxd5 exd5 6. Qc2 Na6 7. a3 c6 8. Bg5
O-O 9. e3 Nc7 10. Bd3 g6 11. h4 Ne6 12. Bh6 Ng7 13. O-O-O b5 14. Ne5 Qe8 15. h5
Ng4 16. hxg6 fxg6 17. Bxg7 Rxf2 18. Rd2 Rxd2 19. Kxd2 Bg5 20. Nxg4 Bxg4 21. Be5
Qf8 22. Kc1 Bxe3+ 23. Kb1 Qe8 24. Bxg6 Qe7 25. Rxh7 1-0

[Event "M.Chigorin Memorial 2014"]
[Site "St. Petersburg"]
[Date "2014.10.21"]
[Round "4.77"]
[White "Gorozhanin, Mikhail"]
[Black "Rivonenko, Vladislav"]
[Result "1-0"]
[WhiteElo "2317"]
[BlackElo "2022"]
[PlyCount "120"]
[EventDate "2014.10.18"]

1. d4 Nf6 2. Nf3 e6 3. c4 d5 4. g3 c6 5. Bg2 dxc4 6. Ne5 Nbd7 7. Nxc4 Be7 8.
O-O O-O 9. Nc3 c5 10. dxc5 Nxc5 11. b4 Na6 12. a3 Nc7 13. Qb3 Ncd5 14. Bb2 Qc7
15. Nb5 Qd7 16. Nd4 Rd8 17. Rfd1 Qe8 18. Na5 Bd7 19. b5 Rab8 20. a4 Bc5 21.
Rac1 Qe7 22. e4 Nb6 23. e5 Nfd5 24. Qa2 Bb4 25. Nc4 Nxc4 26. Rxc4 Rbc8 27. Rxc8
Bxc8 28. Rc1 Bd2 29. Rc4 Nb6 30. Rc2 Qb4 31. Ba1 Bh6 32. a5 Qe1+ 33. Bf1 Nd5
34. Qc4 Bd7 35. Bc3 Qd1 36. Bb2 g6 37. Qe2 Qb1 38. f4 Qa2 39. Qd2 Bf8 40. f5
Nb4 41. Rc7 Qb1 42. Rc1 Qa2 43. Bc4 Qxa5 44. Qg5 Qb6 45. Kg2 h6 46. Qf6 Bg7 47.
Qh4 gxf5 48. Nxf5 exf5 49. Bd4 Bc6+ 50. bxc6 Rxd4 51. c7 Qc6+ 52. Kg1 Rxh4 53.
Bxf7+ Kxf7 54. Rxc6 Nxc6 55. c8=Q Rb4 56. e6+ Kf6 57. Qg8 Kg6 58. h4 Ne5 59. e7
Rb1+ 60. Kg2 Rb2+ 1-0

[Event "M.Chigorin Memorial 2014"]
[Site "St. Petersburg"]
[Date "2014.10.21"]
[Round "4.78"]
[White "Kashtanov, Ruslan"]
[Black "Stepanov, Andrey"]
[Result "1-0"]
[WhiteElo "2316"]
[BlackElo "2012"]
[PlyCount "45"]
[EventDate "2014.10.18"]

1. c4 Nf6 2. Nc3 g6 3. e4 d6 4. g3 Bg7 5. Bg2 O-O 6. Nge2 e5 7. O-O Be6 8. d3
Nc6 9. Rb1 Nd4 10. Nxd4 exd4 11. Ne2 c5 12. b4 Rb8 13. bxc5 dxc5 14. Bf4 Ra8
15. Rxb7 Nh5 16. Bc7 Qe7 17. e5 Rfe8 18. Bd6 Qd8 19. h3 f5 20. f4 Rc8 21. Qa4
Bf8 22. Bc7 Qe7 23. Ba5 1-0

[Event "M.Chigorin Memorial 2014"]
[Site "St. Petersburg"]
[Date "2014.10.21"]
[Round "4.79"]
[White "Timofeev, Artyom"]
[Black "Egorov, Daniil"]
[Result "1-0"]
[WhiteElo "2598"]
[BlackElo "1974"]
[PlyCount "61"]
[EventDate "2014.10.18"]

1. e4 c5 2. Nf3 d6 3. d4 cxd4 4. Nxd4 Nf6 5. Nc3 Nc6 6. Be2 e5 7. Nf3 h6 8. O-O
Be7 9. b3 O-O 10. Bb2 Be6 11. Re1 Rc8 12. Bf1 Qd7 13. h3 Ne8 14. Nd5 Bd8 15. c4
f5 16. exf5 Bxf5 17. Bd3 Be6 18. Be4 Nf6 19. Nxf6+ gxf6 20. Qd2 f5 21. Bxc6
bxc6 22. Qxh6 Rf7 23. Nxe5 dxe5 24. Bxe5 Rh7 25. Qg6+ Kf8 26. Rad1 Qf7 27. Bd6+
Be7 28. Bxe7+ Kxe7 29. Rxe6+ Qxe6 30. Qxh7+ Kf6 31. c5 1-0

[Event "M.Chigorin Memorial 2014"]
[Site "St. Petersburg"]
[Date "2014.10.21"]
[Round "4.80"]
[White "Sivuk, Vitaly"]
[Black "Vunder, Andrey"]
[Result "1/2-1/2"]
[WhiteElo "2523"]
[BlackElo "2181"]
[PlyCount "80"]
[EventDate "2014.10.18"]

1. e4 c6 2. d4 d5 3. exd5 cxd5 4. c4 Nf6 5. Nc3 Nc6 6. Bg5 e6 7. Nf3 Be7 8. a3
O-O 9. c5 Ne4 10. Bxe7 Qxe7 11. Qc2 Nxc3 12. Qxc3 e5 13. dxe5 Bg4 14. Bb5 Bxf3
15. Qxf3 Nd4 16. Qd3 Qxe5+ 17. Kf1 Nxb5 18. Qxb5 Rfe8 19. h4 d4 20. Rh3 Rad8
21. Kg1 b6 22. Rd1 bxc5 23. b4 cxb4 24. Qxe5 Rxe5 25. axb4 Rb5 26. Ra3 Rd7 27.
Ra4 d3 28. g3 Kf8 29. Rd2 Ke7 30. Kg2 Kd8 31. Kf3 Kc8 32. Ke3 Re5+ 33. Kf3 Kb7
34. Ra3 Red5 35. Ke3 Re7+ 36. Kf3 Red7 37. Ke3 Re7+ 38. Kf3 Red7 39. Ke3 Re7+
40. Kf3 Red7 1/2-1/2